01712nam a2200325 a 450000100100000000500170001000800410002704000250006808200210009310000330011424500870014726000490023430000210028349000510030449000290035550400730038450400320045759000270048965100580051665100500057465100530062471000510067783000360072883000580076491000370082295201190085995201980097895201930117699900170136900003214620240412074009.0110713s1970 dr 000 0 spa d aDO-SdBNPbspacBNPHU a330.97293bM671g1 aMir, Pedro,d1913-20009724513aEl gran incendio :blos balbuceos americanos del capitalismo mundial /cPedro Mir. aSanto Domingo :bEditoria del Caribe,c1970. a161 p. ;c23 cm.1 aUniversidad Autónoma de Santo Domingo ;v1451 aHistoria y sociedad ;v2 aIncluye referencias bibliográficas y notas al pie de las páginas aBibliografía : p. 157-161 aInventariado, 2018/ YL 4aRepública DominicanaxCondiciones Económicas9281 4aRepública DominicanaxHistoriay1844-92805 4aRepública DominicanaxCondiciones Sociales9461 aUniversidad Autónoma de Santo Domingo972951 0aHistoria y sociedad ;v2913749 0aUniversidad Autónoma de Santo Domingo ;v145917164 aValidado. Control de calidad MFF 0010718PDaGRbGRcHDd2011-07-13iLF1l0o330.97293 M671gp32146-10r2020-06-25w2020-06-25yLFPDZNo se presta 0010718PDaGRbGRcHDd2011-07-13iLF1l0o330.97293 M671gp32146-20r2020-06-25te. 2w2020-06-25yLFPDzPerteneció a la biblioteca personal de Aída Cartagena PortalatínZNo se presta 001054708DSaGRbGRcHDd2013-07-31iLF1l0o330.97293 M671gp32146-30r2020-06-25te. 3w2020-06-25yLFDSzPerteneció a la biblioteca personal de Martínez Boog.ZPréstamo en sala c31637d31637